Elektronický obchod v PHP a MySQL : Diplomová práca

Gespeichert in:
Bibliographische Detailangaben
1. Verfasser: Ončáková, Katarína (Verfasst von)
Weitere Verfasser: Bezák, Pavol, 1977- (xxx)
Format: Manuskript Buch
Sprache:Slowakisch
Veröffentlicht: Trnava : STU v Bratislave MtF KAIA, 2004
Schlagworte:
Tags: Tag hinzufügen
Keine Tags, Fügen Sie das erste Tag hinzu!

MARC

LEADER 00000ntm a22000003a 4500
001 stu89258
005 20160719154653.0
008 040727s2004----xo------------------slo-d
040 |a STU  |b slo 
041 0 |a slo 
044 |a xo 
100 1 |a Ončáková, Katarína  |4 aut 
245 1 |a Elektronický obchod v PHP a MySQL :  |b Diplomová práca 
260 |a Trnava :  |b STU v Bratislave MtF KAIA,  |c 2004 
300 |a 64 s  |c príl (CD) 
650 7 |a aplikovaná informatika a automatizácia v priemysle  |2 stusub 
700 1 |a Bezák, Pavol,  |d 1977-  |4 xxx  |u M6000  |U MTF Materiálovotechnologická fakulta  |T MTF Ústav aplikovanej informatiky, automatizácie a matematiky  |X 2805  |U M6000  |Y 86  |7 A000002805 
996 |b 284M059938  |c M*DP-5188  |l MMSKP  |s P  |a 0  |w stu89258_0001